| 000 | nam a22 a 4500 | ||
|---|---|---|---|
| 999 |
_c2228 _d2228 |
||
| 003 | AKMAL | ||
| 005 | 20170515160148.0 | ||
| 008 | 170515s2006 my a j | 000 0 may d | ||
| 020 |
_a9679489043 (set) : _cRM480.00 |
||
| 020 |
_a9679489094 (kkrs.) : _cRM60.00 |
||
| 040 |
_aAKMAL _cAKMAL |
||
| 082 | 0 | 4 |
_a364.09595 AZL _222 |
| 090 | 0 | 0 |
_a364.09595 _bAZL |
| 100 | 0 |
_aAzlela Hanafee _94685 |
|
| 245 | 1 | 0 |
_aAncaman jenayah dan keselamatan / _cAzlela Hanafee |
| 260 |
_aMelaka : _bAssociated Educational Distributors (M), _c2006 |
||
| 300 |
_a42ms. : _bil. wrn. ; _c29cm. |
||
| 440 | 0 |
_aSiri kenegaraan dan patriotisme _9521 |
|
| 500 | _aMengandungi soalan | ||
| 650 | 1 | 0 |
_aMalay language _vReaders _94686 |
| 942 |
_2ddc _cBOOK |
||